Composition final CDM All Blacks 2011 - Statistiques

Statistiques générales
  • Ce quiz a été pris 12 fois
  • Le résultat moyen est 10 sur 23
Statistiques - réponses
Hint Réponse % Correct
13 Smith
100%
7 (Capi) McCaw
88%
8 Read
88%
6 Kaino
75%
12 Nonu
75%
10 Cruden
63%
15 Dagg
63%
9 Weepu
63%
5 Whitelock
63%
3 Francks
50%
21 Donald
38%
17 Franks
38%
1 Woodcock
38%
Entraineur Henry
25%
11 Kahui
25%
2 Mealamu
25%
4 Thorn
25%
18 Williams
25%
14 Jane
13%
20 Ellis
0%
13 Hore
0%
22 SB Williams
0%
19 Thompson
0%
Aucun quiz correspondant
Distribution des résultats
% des personnes avec chaque résultat
Percentile par nombre de réponses
Votre historique - résultats
Vous n’avez pas pris ce quiz